00441nam a2200181 a 4500001001300000003000900013005001700022008004100039020002300080082001600103100001400119245002400133260002700157300000800184500003500192650001800227700001400245nice12345678IN_TiNIC20260116015356.0050524s2010 nj,a grp 000 0 eng  a9781597842273c10000a297.52bUNA aUnal, Ali aAl-Jawshan Al-Kabir aNJ, USA bLight c2010 a87p aincludes index and biblioraphy aIslam-Prayers1 aUnal, Ali